VY - Banestrekninger - Statistics

General Stats
  • This quiz has been taken 8 times
  • The average score is 31 of 38
Answer Stats
Banestrekning Start- eller sluttsted % Correct
Askerbanen Asker
100%
Spikkestadbanen Asker
100%
Bergensbanen Bergen
100%
Gjøvikbanen Gjøvik
100%
Follobanen Ski
100%
Østfoldbanen, Østre linje Ski
100%
Drammenbanen Drammen
88%
Vestfoldbanen Drammen
88%
Sørlandsbanen Drammen
88%
Dovrebanen Eidsvoll
88%
Gardermobanen Eidsvoll
88%
Hovedbanen Eidsvoll
88%
Bergensbanen Hønefoss
88%
Randsfjordbanen Hønefoss
88%
Roa- Hønefossbanen Hønefoss
88%
Kongsvingerbanen Lillestrøm
88%
Tinnosbanen Notodden (Tinnoset)
88%
Bratsbergbanen Porsgrunn
88%
Vestfoldbanen Porsgrunn
88%
Roa- Hønefossbanen Roa
88%
Spikkestadbanen Spikkestad
88%
Sørlandsbanen Stavanger
88%
Flåmsbana Flåm
75%
Flåmsbana Myrdal
75%
Drammenbanen Oslo S
75%
Gardermobanen Oslo S
75%
Gjøvikbanen Oslo S
75%
Østfoldbanen Oslo S
75%
Follobanen Oslo S
75%
Hovedbanen Oslo S
75%
Dovrebanen Trondheim
75%
Randsfjordbanen Hokksund
63%
Askerbanen Lysaker
63%
Bratsbergbanen Nordagutu
63%
Østfoldbanen, Østre linje Sarpsborg
63%
Tinnosbanen Hjuksebø
50%
Østfoldbanen Kornsjø
38%
Kongsvingerbanen Riksgrensen ved Magnor
38%
No matching quizzes found
Score Distribution
Percent of People with Each Score
Percentile by Number Answered
Your Score History
You have not taken this quiz